00852nam a2200217 a 4500001001000000003000500010005001700015008004100032010001100073011001100084040000900095100004400104245015000148260004100298500006000339502008400399650004200483650001700525650002200542856007000564000112308CHAP20250513120133.0160301s2016 mx sm |||||||spa d a108769 a109741 cCHAP1 aHernández Mendoza, Rocíod(1987 - )10aDiseño de un plan haccp aplicable al proceso artesanal de elaboración de queso fresco de Sonorah[En línea]cpor Rocio Hernández Mendoza. aChapingo, Méx. :bEl autor,c2016. aPara ver el contenido del material haga clic en la liga aTesis (Ing. Agroindustrial)-- UACH. Departamento de Ingeniería Agroindustrial14aQueso artesanalxCultivos iniciadores14aQueso fresco14aQuesoxProcesado. aFinding aiduhttp://10.13.5.2/tesis/sist112308.pdfzTeclea aquí